000 00558nam a2200193Ia 4500
005 20260114185839.0
008 008 260114s9999 xx 000 0 eng d
020 _a9781509955589
037 _aEBOOK
040 _aCRL
_beng
_cCRL
041 _aeng
_2eng
084 _qCRL
100 _aLilian Edwards and Charlotte Waelde
_9875141
245 0 _aLaw and the Internet
260 _bBloomsbury
_c2009
856 _uhttps://doi.org/10.5040/9781509955589?locatt=label:secondary_bloomsburyCollections
942 _cEBOOK
999 _c1474075
_d1474075